000 00589nas a22001937a 4500
999 _c165017
_d165017
005 20190603123621.0
006 a|||||r|||| 00| 0
007 ta
008 140904b xxu||||| |||| 00| 0 eng d
022 _a2662--253X
082 _a580
245 _aPlant physiology reports :
_bformerly indian journal of plant physiology
260 _aNew Delhi
_bSpringer India
_c2019-
300 _av.
_c28 cm (pbk)
310 _aQuarterly
650 _aPlant physiology
270 _a19 Babar Lane Bengali Market
_bNew Delhi
_e110001
_dIndia
942 _2ddc
_cSR
_s1
_h580
_mPLA